<?xml version="1.0" encoding="UTF-8"?>
<record
    xmlns:xsi="http://www.w3.org/2001/XMLSchema-instance"
    xsi:schemaLocation="http://www.loc.gov/MARC21/slim http://www.loc.gov/standards/marcxml/schema/MARC21slim.xsd"
    xmlns="http://www.loc.gov/MARC21/slim">

  <leader>00695naa a2200205 a 4500</leader>
  <controlfield tag="001"> 81333</controlfield>
  <controlfield tag="003">BD-RjUL</controlfield>
  <controlfield tag="005">20230409114435.0</controlfield>
  <controlfield tag="008">230409s1981    ii ||||| |||| 00| 0 urd d</controlfield>
  <datafield tag="035" ind1=" " ind2=" ">
    <subfield code="a">(BD-RjUL) 81333</subfield>
  </datafield>
  <datafield tag="040" ind1=" " ind2=" ">
    <subfield code="a">BD-RjUL</subfield>
    <subfield code="b">eng</subfield>
    <subfield code="c">BD-RjUL</subfield>
  </datafield>
  <datafield tag="041" ind1=" " ind2=" ">
    <subfield code="a">urd</subfield>
  </datafield>
  <datafield tag="082" ind1=" " ind2=" ">
    <subfield code="2">23</subfield>
    <subfield code="a">891.439054</subfield>
    <subfield code="b">ZAA 1981</subfield>
  </datafield>
  <datafield tag="100" ind1=" " ind2=" ">
    <subfield code="a">&#x630;&#x627;&#x643;&#x631;&#x66B; &#x645;&#x62D;&#x645;&#x62F; //Zakir,  Muhammad</subfield>
    <subfield code="9">7297</subfield>
  </datafield>
  <datafield tag="245" ind1=" " ind2=" ">
    <subfield code="a">&#x627;&#x632;&#x627;&#x62F;&#x64A; &#x647;&#x646;&#x62F;&#x633;&#x62A;&#x627;&#x646; &#x643;&#x627; &#x627;&#x631;&#x62F;&#x648; &#x627;&#x62F;&#x628; &#x661;&#x669;&#x666;&#x662;-&#x661;&#x669;&#x664;&#x667; // Azadi Hindustan ka Urdu literature 1962-1947 /</subfield>
    <subfield code="c">Muhammad Zakir //&#x645;&#x62D;&#x645;&#x62F; &#x630;&#x627;&#x643;&#x631;</subfield>
  </datafield>
  <datafield tag="260" ind1=" " ind2=" ">
    <subfield code="a">&#x62F;&#x6C1;&#x644;&#x6D2;:Delhi:</subfield>
    <subfield code="b">Maktabat i Jamia ,</subfield>
    <subfield code="c">1981</subfield>
  </datafield>
  <datafield tag="300" ind1=" " ind2=" ">
    <subfield code="a">386 p. ;</subfield>
    <subfield code="c">18 cm</subfield>
  </datafield>
  <datafield tag="650" ind1=" " ind2=" ">
    <subfield code="a">Urdu Literature </subfield>
    <subfield code="z">India</subfield>
    <subfield code="9">7298</subfield>
  </datafield>
  <datafield tag="942" ind1=" " ind2=" ">
    <subfield code="2">ddc</subfield>
    <subfield code="c">BK</subfield>
  </datafield>
  <datafield tag="999" ind1=" " ind2=" ">
    <subfield code="c">81333</subfield>
    <subfield code="d">81333</subfield>
  </datafield>
  <datafield tag="952" ind1=" " ind2=" ">
    <subfield code="0">0</subfield>
    <subfield code="1">0</subfield>
    <subfield code="2">ddc</subfield>
    <subfield code="4">0</subfield>
    <subfield code="7">1</subfield>
    <subfield code="8">NFIC</subfield>
    <subfield code="a">RUCL</subfield>
    <subfield code="b">RUCL</subfield>
    <subfield code="c">Reading</subfield>
    <subfield code="d">1965-01-09</subfield>
    <subfield code="e">Asociatic Thought Tulip</subfield>
    <subfield code="g">25.50</subfield>
    <subfield code="l">0</subfield>
    <subfield code="o">U 891.439054 ZAA 1981</subfield>
    <subfield code="r">2023-04-09 00:00:00</subfield>
    <subfield code="t">C-1</subfield>
    <subfield code="w">2023-04-09</subfield>
    <subfield code="y">BK</subfield>
  </datafield>
</record>
